A catalogue of books, including several valuable libraries, purchased during the course of last summer. ... which will be selling, ... December 1777, by Samuel Hayes, ... Catalogues may be had at the place of sale, and of the following booksellers: Mr. Ridley, ... Mr. Walter, ... Mr. Brown, ... and Mr. Sewell, ... Likewise of the booksellers at Oxford, Cambridge, Bristol, Norwich, Birmingham and other principal towns in England.

Bibliographic Details
Main Author: Hayes, Samuel, active 1779-1795
Format: eBook
Language:English
Published: [London], [publisher not identified] ; [1777]
Series:Eighteenth century collections online.
Online Access:Full text online

MARC

Tag First Indicator Second Indicator Subfields
LEADER 00000cam a2200000 4500
001 in00001917469
006 m | d |
007 cr |n||||||||n
008 930106s1777 enk|||| s 00||||eng d
005 20260407222257.9
035 |a (CStRLIN)ESTCT216095 
040 |a Uk-ES  |c Uk-ES  |d CStRLIN  |d Thomson Gale  |d UtOrBLW 
100 1 |a Hayes, Samuel,  |d active 1779-1795. 
245 1 2 |a A catalogue of books, including several valuable libraries, purchased during the course of last summer. ... which will be selling, ... December 1777, by Samuel Hayes, ... Catalogues may be had at the place of sale, and of the following booksellers: Mr. Ridley, ... Mr. Walter, ... Mr. Brown, ... and Mr. Sewell, ... Likewise of the booksellers at Oxford, Cambridge, Bristol, Norwich, Birmingham and other principal towns in England. 
264 1 |a [London],  |b [publisher not identified] ;  |c [1777] 
300 |a 2 unnumbered pages, 44, 49-184p. ;  |c 8⁰. 
336 |a text  |b txt  |2 rdacontent 
337 |a computer  |b c  |2 rdamedia 
338 |a online resource  |b cr  |2 rdacarrier 
500 |a The text is continuous despite the pagination. 
500 |a Reproduction of original from the Bodleian Library (Oxford). 
510 4 |a English Short Title Catalog,  |c ESTCT216095. 
533 |a Electronic reproduction.  |b Farmington Hills, Mich. :  |c Thomson Gale,  |d 2003.  |n Available via the World Wide Web.  |n Access limited by licensing agreements  |7 s2003 miunns 
500 |a Electronic resource. 
830 0 |a Eighteenth century collections online. 
856 4 0 |u http://proxy.library.tamu.edu/login?url=https://galenet.galegroup.com/servlet/ECCO?c=1&stp=Author&ste=11&af=BN&ae=T216095&tiPG=1&dd=0&dc=flc&docNum=CW116630323&vrsn=1.0&srchtp=a&d4=0.33&n=10&SU=0LRK&locID=txshracd2898  |z Full text online  |t 0 
999 |a MARS 
999 f f |s 9ffafa5f-bb95-3b8a-89ac-4876cc225c9b  |i 68eb21fb-9fba-3112-b048-118af521c032  |t 0 
952 f f |a Texas A&M University  |b College Station  |c Electronic Resources  |s www_evans  |d Available Online  |t 0  |h No information provided 
998 f f |t 0  |l Available Online